000 01151nam a22003257a 4500
001 7771
003 FISKH
005 20250805152907.0
008 250805b cb ||||| |||| 00| 0 eng d
020 _a9780064451000
040 _aFISKH
_beng
_cFISKH
_dFISKH
050 _aQB802 .B75
082 _a523.8
100 _aBranley, Franklyn M.
245 _aThe big dipper /
_cby Franklyn M. Branley : illustrated by Molly Coxe
250 _aFirst HarperTrophy edition, 1991
260 _aNew York :
_bScholastic ,
_c1962.
300 _a32 pages :
_bcolor illustrations ;
_c18 X 23 cm.
490 _aLet's- Read-And- Find - Out science
_vStage 1
505 _aJ
520 _aExplains basic facts about the Big Dipper, including which stars make up the constellation, how its position changes in the sky, and how it points to the North Star.
521 8 _a460
_bLexile AD
521 8 _aJ
_bRaz-Plus
650 _aUrsa Major
_vJuvenile Literature
650 _aConstellations
_vJuvenile Literature
650 _aStars
_vJuvenile Literature
700 _aCoxe, Molly
_eIllustrator
942 _2ddc
_cBK
_n0
999 _c7771
_d7771